| 000 | 00878nam a22002532 4500 | ||
|---|---|---|---|
| 001 | 22511 | ||
| 003 | CZ PrNK | ||
| 005 | 20260330154149.0 | ||
| 008 | 960522s1989 xo slo | ||
| 040 |
_aABA001 _bcze _cABA001 _dABA001 |
||
| 041 | 1 |
_aslo _hfre |
|
| 100 | 1 |
_aVerne, Jules, _d1828-1905 _4aut |
|
| 245 | 1 | 0 |
_aMaják na konci sveta ; _bdenník stroskotanca / _cJules Verne ; z francúského originálu preložila Mária Urbanová-Hevierová, Mária Vulganová-Gálová ; ilustroval Milan Veselý |
| 250 | _a2. vyd. | ||
| 260 |
_aBratislava : _bMladé letá, _c1989 |
||
| 300 |
_a274 s. : _bil. ; _c8° |
||
| 521 | _aPre čitateľov od 11 rokov | ||
| 700 | 1 |
_aUrbanová-Hevierová, Mária _4trl |
|
| 700 | 1 |
_aGálová, Mária, _d1949- _4trl |
|
| 700 | 1 |
_aVeselý, Milan, _d1939-2015 _4ill |
|
| 740 | 0 | 2 | _aDenník stroskotanca |
| 910 | _aABA001 | ||
| 942 |
_2ddc _cKLDO _n0 |
||
| 999 |
_c22511 _d22511 |
||